| 000 | 00850cab a2200265 4500 | ||
|---|---|---|---|
| 001 | WB3340-13 | ||
| 008 | 090401t1997 xxu||||| |||| 00| 0 eng d | ||
| 035 | _a(Sirsi) u81417 | ||
| 041 | _aeng | ||
| 245 | _aAirport malls | ||
| 260 | _c1997 | ||
| 350 | _a0 | ||
| 490 |
_aFinancial Times _v11/12 October 1997, 9(1) |
||
| 520 | _aAirports are becoming an increasingly attractive venue for private investors. Retail outlets are proving a particularly lucrative source of income but many airports are also keen to build leisure facilities and develop the property they own. | ||
| 650 | _aAIRPORT SHOPS | ||
| 650 | _aAIRPORTS | ||
| 650 | _aBAA | ||
| 650 | _aDUTY FREE | ||
| 650 | _aHEATHROW | ||
| 650 | _aINVESTORS | ||
| 650 | _aPRIVATISATION | ||
| 690 | _aPROPERTY-PROPERTY FINANCE AND INVESTMENT | ||
| 942 | _n0 | ||
| 948 | _c14/10/1997 | ||
| 999 |
_c51290 _d51290 |
||